Az en Budapestem = Mein Budapest = Il mio Budapest = The Budapest I love
Αποθηκεύτηκε σε:
| Κύριος συγγραφέας: | |
|---|---|
| Μορφή: | Βιβλίο |
| Γλώσσα: | Hungarian |
| Δημοσίευση: |
Budapest :
[s.n.],
1987.
|
| Θέματα: | |
| Ετικέτες: |
Προσθήκη ετικέτας
Δεν υπάρχουν, Καταχωρήστε ετικέτα πρώτοι!
|
MARC
| LEADER | 00000cam a2200000 i 4500 | ||
|---|---|---|---|
| 001 | 1/27027 | ||
| 008 | 960729s1987####gr | | ||| |||| ||hun|| | ||
| 020 | |a 963-500-609-8 | ||
| 035 | |l 10022783 | ||
| 040 | |a GR-MY-UA |b gre |e aacr | ||
| 041 | 0 | |a hun | |
| 082 | 0 | |a 943.9 | |
| 100 | 1 | |a Laszlo, Marosi. | |
| 245 | 1 | 0 | |a Az en Budapestem = |b Mein Budapest = Il mio Budapest = The Budapest I love / |c Marosi Laszlo. |
| 246 | 1 | |i Παράλληλος τίτλος: |a Mein Budapest | |
| 246 | 1 | |i Παράλληλος τίτλος: |a The Budapest i love | |
| 246 | 1 | |i Παράλληλος τίτλος: |a Il mio Budapest | |
| 260 | |a Budapest : |b [s.n.], |c 1987. | ||
| 300 | |a σ. : |b εικ. ; |c 27 εκ. | ||
| 651 | 0 | |a Budapest (Hungary) |x Description and travel. | |
| 852 | |a INST |b CHIOS |e 19960729 |h 943.9 LAZ |p 005200008563 |q 005200008563 |t BK |y 0 | ||
| 901 | |a BIBL2-2000-2 | ||
| 909 | |a Χ |b 011144 | ||
| 920 | |a Πανεπιστήμιο Βουδαπέστης |y Χίος |z 1996-07 | ||
| 970 | |z 2000/09/ΔΕΜΕΝΑΓΑΣ | ||